Click to Translate - Serbian - Statistics

General Stats
  • This quiz has been taken 2,677 times
  • The average score is 15 of 20
Answer Stats
Hint Answer % Correct
She Она (Ona)
88%
Hello Здраво (Zdravo)
87%
Kitchen Кухиња (Kuhinja)
86%
Forty Четрдесет (Četrdeset)
82%
Monday Понедељак (Ponedeljak)
82%
Buy Купити (Kupiti)
81%
Bird Птица (Ptica)
81%
But Али (Ali)
78%
Red Црвени (Crveni)
77%
Summer Лето (Leto)
77%
South Jyr (Jug)
73%
Why Зашто (Zašto)
73%
Flight Лет (Let)
71%
Here Овде (Ovde)
70%
Tomorrow Сутра (Sutra)
68%
Socks Чарапе (Čarape)
66%
Breakfast Доручак (Doručak)
63%
Bill Рачун (Račun)
59%
Boat Чамац (Čamac)
55%
Rice Пиринач (Pirinač)
55%
No matching quizzes found
Score Distribution
Percent of People with Each Score
Percentile by Number Answered
Your Score History
You have not taken this quiz